Statistics for Квиз о Мароку

Click here to take the quiz!

General Stats

  • This quiz has been taken 14 times
  • The average score is 9 of 20

Answer Stats

ОписОдговор% Correct
Званични језициАрапски
100%
Државе са којима се граничиАлжир
90%
Страни језик који зна да прича 35% МароканацаФранцуски
90%
Најмногољуднији градКазабланка
80%
Главни градРабат
80%
Државе са којима се граничиМауританија
60%
Мореуз између Марока и Шпаније{Гибралтарски} мореуз
60%
Највећи планински венци (именуј било који)Атлас / Риф
60%
Регија, спорно подручје над којом Мароко има власт, али неке државе ту регију сматрају независном државомЗападна Сахара
50%
Град који је дао своје име врсти капе, популарној код ОсманлијаФес
50%
Регија северне Африке чији је Мароко део (почиње на М)Магреб
50%
Шпански архипелаг у близини обале МарокаКанарска острва
30%
Званични језициБерберски
30%
Именуј неку од шпанских "ексклава" које се граниче са МарокомСеута / Мелиља
20%
Национална животиња, данас истребљенаБерберски {лав}
20%
Најсевернији град Марока, некада је био међународна зонаТангер
10%
Стари назив са становнике северне Африке који су извршили инвазију на ИберијуМавари
10%
Национално јело, лоптице од ломљене пшеницеКускус
10%
Древна поморски народ који је колонизовао Мароко око 1000. године п.н.е.Феничани
10%
Реч на К којом се означава тврђава или замакКазба
0%

Score Distribution

Percentile by Number Answered

Percent of People with Each Score

Your Score History

You have not taken this quiz